000 00650nam a22002177a 4500
005 20150616163236.0
008 140714b xxu||||| |||| 00| 0 Urdu d
010 _aUR-9071
020 _c300.00
_a818841395-X
035 _aU-7626
037 _bDBAD
040 _aDPL
_bUrdu
082 _a841
100 _aا حمد شنا س
245 _aپس آ شکا ر
_cا حمد شنا س
246 h _aPas-e-Ashkar
_bBy Ahmed Shanas
260 _bM.R.Publications
_c2010
_aNew Delhi
270 _a1645,Patudi House,Darya Ganj,
_bNew Delhi
_k9810784549
_e110002
300 _a154ص
_c22Cm (Hb)
942 _2ddc
_cUR
_e
_h841
_mا ح م
999 _c94309
_d94309